000 00625cam a22002293a 4500
001 26644
003 PGUSA
005 20140828083556.0
008 080917s2008||||xxu|||||s|||||000 1 eng d
040 _aPGUSA
_beng
042 _adc
050 4 _aPS
100 1 _aGale, Zona,
_d1874-1938
245 1 0 _aFriendship Village
_h[electronic resource] /
_cZona Gale
260 _bProject Gutenberg,
_c2008
506 _aPublic domain in the USA.
516 _aElectronic text
653 _aCity and town life -- Fiction
830 0 _aProject Gutenberg
_v26644
856 4 0 _uhttp://www.gutenberg.org/ebooks/26644
942 _cEB
999 _c255899
_d255899